<?xml version="1.0" encoding="UTF-8"?>
<record
    xmlns:xsi="http://www.w3.org/2001/XMLSchema-instance"
    xsi:schemaLocation="http://www.loc.gov/MARC21/slim http://www.loc.gov/standards/marcxml/schema/MARC21slim.xsd"
    xmlns="http://www.loc.gov/MARC21/slim">

  <leader>03498nam a22002537i 4500</leader>
  <controlfield tag="003">DO-SdBNP</controlfield>
  <controlfield tag="005">20240416141107.0</controlfield>
  <controlfield tag="007">ta</controlfield>
  <controlfield tag="008">240416b1999    dr ||||| |||| 00| 0 spa d</controlfield>
  <datafield tag="040" ind1=" " ind2=" ">
    <subfield code="a">DO-SdBNP</subfield>
    <subfield code="b">spa</subfield>
    <subfield code="c">BNPHU </subfield>
    <subfield code="e">rda</subfield>
  </datafield>
  <datafield tag="082" ind1=" " ind2="4">
    <subfield code="2">22</subfield>
  </datafield>
  <datafield tag="100" ind1=" " ind2=" ">
    <subfield code="a">Campillo P&#xE9;rez, Julio Genaro,</subfield>
    <subfield code="d">1922-2001</subfield>
    <subfield code="9">38918</subfield>
  </datafield>
  <datafield tag="245" ind1="1" ind2="0">
    <subfield code="a">Andr&#xE9;s L&#xF3;pez de Medrano y su legado humanista /</subfield>
    <subfield code="c">Julio Genaro Campillo P&#xE9;rez ; dise&#xF1;o de portada Guillermina Cruz.</subfield>
  </datafield>
  <datafield tag="264" ind1=" " ind2=" ">
    <subfield code="a">Santo Domingo :</subfield>
    <subfield code="b">Editora Corripio,</subfield>
    <subfield code="c">1999.</subfield>
  </datafield>
  <datafield tag="300" ind1=" " ind2=" ">
    <subfield code="a">376 p&#xE1;ginas ; </subfield>
    <subfield code="c">23 cm. </subfield>
  </datafield>
  <datafield tag="336" ind1=" " ind2=" ">
    <subfield code="2">rdacontent</subfield>
    <subfield code="a">texto</subfield>
    <subfield code="b">txt</subfield>
  </datafield>
  <datafield tag="337" ind1=" " ind2=" ">
    <subfield code="2">rdamedia</subfield>
    <subfield code="a">sin mediaci&#xF3;n </subfield>
    <subfield code="b">n</subfield>
  </datafield>
  <datafield tag="338" ind1=" " ind2=" ">
    <subfield code="2">rdacarrier </subfield>
    <subfield code="a">volumen </subfield>
    <subfield code="b">nc</subfield>
  </datafield>
  <datafield tag="500" ind1=" " ind2=" ">
    <subfield code="a">Incluye datos biogr&#xE1;ficos del  autor  en la contracubierta.</subfield>
  </datafield>
  <datafield tag="505" ind1="0" ind2=" ">
    <subfield code="a">Homenaje a Andr&#xE9;s L&#xF3;pez De Medrano, 1.-- Cronolog&#xED;a, 17.-- Secci&#xF3;n Primera - Producci&#xF3;n Intelectual / Tesis del Dr. Andr&#xE9;s L&#xF3;pez de Medrano para graduarse de bachiller en filosof&#xED;a, 27.-- Comentarios del Dr. Carracciolo Parra Le&#xF3;n, Caracas 1954, 31.-- L&#xF3;gica de Andr&#xE9;s L&#xF3;pez de Medrano, Santo Domingo, 1814, 73.-- El pensamiento filos&#xF3;fico en Santo Domingo. La l&#xF3;gica de Andr&#xE9;s L&#xF3;pez de Medrano. Juan Francisco S&#xE1;nchez, 111.-- Testimonio de sus actuaciones como Alcalde de Segunda Elecci&#xF3;n de Santo Domingo, 1819, Andr&#xE9;s L&#xF3;pez de Medrano, 135.-- Manifiesto de Andr&#xE9;s L&#xF3;pez de Medrano sobre las elecciones parroquiales de Santo Domingo, 1820, 147.-- Disertaci&#xF3;n en la Universidad de Santo Domingo, con motivo de la apertura de clases, 1822, 165.-- Disertaci&#xF3;n sobre la enfermedad "La llaguita" Mayag&#xFC;ez, Puerto Rico, 1826, 175.-- Al Clero de Aguadilla. Puerto Rico, 1830, 227.-- Apodicticos de regocijo, Aguadilla, 1831, 233.-- Proloquios o congratulaciones a los puertorrique&#xF1;os, Aguadilla, 1831, 239.-- Los L&#xF3;pez Medrano y el semanario "El Ponce&#xF1;o", Ponce,1852-1854, 243.-- Secci&#xF3;n Segunda - Biograf&#xED;as / Genealog&#xED;a de Andr&#xE9;s L&#xF3;pez de Medrano 1780-1856, 261.-- Documentos anexos, 267.-- Andr&#xE9;s L&#xF3;pez de Medrano, Emilio Rodr&#xED;guez Demorizi, 285.-- Andr&#xE9;s L&#xF3;pez de Medrano, Armando Cordero, 289.-- Andr&#xE9;s L&#xF3;pez de Medrano, Manuel A. Machado B&#xE1;ez, 295.-- Andr&#xE9;s L&#xF3;pez de Medrano (1870-1835?), N&#xE9;stor Cont&#xED;n Aybar, 301.-- Andr&#xE9;s L&#xF3;pez de Medrano, Tarjetero hist&#xF3;rico. Guillermo Esteves y Volckers, 307.-- Andr&#xE9;s L&#xF3;pez de Medrano. Max Henr&#xED;quez Ure&#xF1;a, 309.-- Andr&#xE9;s L&#xF3;pez de Medrano. Salvador Arana Soto, 311.-- Andr&#xE9;s L&#xF3;pez de Medrano. Cayetano CoIl y Toste, 313.-- Andr&#xE9;s L&#xF3;pez de Medrano. Lidio Cruz Monclova, 315.-- Andr&#xE9;s L&#xF3;pez de Medrano. Josefina Rivera de &#xC1;lvarez, 319.-- Andr&#xE9;s L&#xF3;pez de Medrano. Adolfo de Hostos, 321.-- Noticias sobre el pr&#xF3;cer dominicano Dr. Andr&#xE9;s L&#xF3;pez de Medrano y sus descendientes en Puerto Rico. Dr. Eduardo QuesteIl Rodr&#xED;guez, 323.-- Secci&#xF3;n Tercera - Documentos Varios / Documentos para la historia de la filosof&#xED;a en Santo Domingo. Edici&#xF3;n y notas de Dr. Vetilio Alfau Dur&#xE1;n, 331.-- L&#xF3;pez de Medrano y la Feria de Aguada, 1832, 345.-- Horacio en Puerto Rico. Dres. Juan Augusto Perrea y Salvador Perrea, 351.-- Actividades mas&#xF3;nicas en Puerto Rico, Siglo XIX, Universidad de Murcia, 355.-- L&#xF3;pez de Medrano y el Peri&#xF3;dico "El Ponce&#xF1;o", 363.-- La filosof&#xED;a en R. D. -Wilson Hern&#xE1;ndez, 365.-- Andr&#xE9;s L&#xF3;pez de Medrano, sobre aliente intelectual del siglo pasado. Domingo Hern&#xE1;ndez.</subfield>
  </datafield>
  <datafield tag="590" ind1=" " ind2=" ">
    <subfield code="a">Inventariado, 2024 /LP</subfield>
  </datafield>
  <datafield tag="600" ind1="1" ind2=" ">
    <subfield code="a">L&#xF3;pez de Medrano, Andr&#xE9;s,</subfield>
    <subfield code="d">1780-1856,</subfield>
    <subfield code="x">Colecciones de escritos</subfield>
    <subfield code="9">85257</subfield>
  </datafield>
  <datafield tag="942" ind1=" " ind2=" ">
    <subfield code="2">ddc</subfield>
    <subfield code="c">LBS1</subfield>
  </datafield>
  <datafield tag="952" ind1=" " ind2=" ">
    <subfield code="0">0</subfield>
    <subfield code="1">0</subfield>
    <subfield code="2">ddc</subfield>
    <subfield code="7">0</subfield>
    <subfield code="8">PD</subfield>
    <subfield code="a">BNPHU</subfield>
    <subfield code="b">BNPHU</subfield>
    <subfield code="c">HD</subfield>
    <subfield code="d">2024-04-16</subfield>
    <subfield code="e">Donaci&#xF3;n</subfield>
    <subfield code="l">0</subfield>
    <subfield code="p">2024-2299</subfield>
    <subfield code="r">2024-04-16</subfield>
    <subfield code="w">2024-04-16</subfield>
    <subfield code="y">LBS1</subfield>
  </datafield>
  <datafield tag="999" ind1=" " ind2=" ">
    <subfield code="c">56427</subfield>
    <subfield code="d">56427</subfield>
  </datafield>
</record>
